• 首页
  • 本馆介绍
  • 公告通知
  • 最新文献
  • 馆藏检索
  • 电子资源
  • 读者导购
  • 参考咨询
  • 我的图书馆
  • 登录
  • 详细信息显示
  • 放入我的书架
  • 预约/预借图书
  • 作者相关作品
  • 分类相关作品
  • 丛书相关作品
  • 出版社相关作品

书目信息

  • 表格格式
  • 工作单格式
  • 卡片格式
题名:
日本帝国的衰亡
    
 
作者: 托兰 著 ;郭伟强 译
分册:  
出版信息: 北京   新华出版社  1982
页数: 574页
开本: 21cm
丛书名:
单 册:
中图分类: K313.46
科图分类:
主题词: 日本--近代史--1937~1945
电子资源:
ISBN:
000 00666nam0 2200241 45
001 0182007639
005 20050419170803.9
010    @dCNY7.55
091    @a11203.021
100    @a19950828d1982 em y0chiy0121 ea
101 1  @achi@ceng
102    @aCN@b110000
105    @ay z 000ay
200 10 @a日本帝国的衰亡@Ari ben di guo de shuan wang@f(美)托兰著@F(Mei)Tuo Lan Zhu@g郭伟强译
210    @a北京@c新华出版社@d1982
215    @a574页@d21cm
606    @a日本@z近代史@z1937~1945
690    @aK313.46@v3
701  0 @a托兰@4著
702  0 @a郭伟强@4译
801  0 @aCN@b上海图书馆@c20040513
801  2 @aCN@bNLC@c20040513
905    @dK313.46@e16:1@b215904@f1
    
    日本帝国的衰亡/(美)托兰著/郭伟强译.-北京:新华出版社,1982
    574页;21cm
    
    
    ISBN :CNY7.55
    
●
相关链接 在E读中查询图书 在五车中查询图书 在当当中查询图书 在豆瓣中查询图书


正题名:日本帝国的衰亡     索取号:K313.46/16:1         预约/预借

序号 登录号 条形码 馆藏地/架位号 状态 备注
1 0215904   002034408   第二借阅区/ [索取号:K313.46/16:1] 在馆    
2 0215905   000359374   第二借阅区/ [索取号:K313.46/16:1] 在馆    
3 0215906   000359383   第二样本阅览室/ [索取号:K313.46/16:1] 在馆    
唐山师范学院图书馆 欢迎您!
大连网信软件有限公司© 版权所有